[Event "69th ch-GEO"]
[Site "Tbilisi GEO"]
[Date "2010.01.11"]
[Round "1"]
[White "Sanikidze,T"]
[Black "Paichadze,L"]
[Result "1/2-1/2"]
[WhiteElo "2615"]
[BlackElo "2424"]

1.d4 Nf6 2.c4 e6 3.Nf3 Bb4+ 4.Bd2 Qe7 5.g3 Nc6 6.Bg2 Bxd2+ 7.Nbxd2 d6 8.O-O a5
9.e4 e5 10.d5 Nb8 11.Ne1 O-O 12.Nd3 b6 13.b3 Nbd7 14.a3 Nc5 15.Nb2 Bb7 16.Qc2 Ncd7
17.b4 c6 18.Qb3 Ra7 19.Nd3 Ba8 20.Rfc1 Rc8 21.Qd1 axb4 22.axb4 Rac7 23.Qe2 Bb7
24.Bh3 h6 25.Rcb1 b5 26.dxc6 Bxc6 27.c5 Rd8 28.cxd6 Qxd6 29.Rd1 Qe7 30.f3 Nf8
31.Nc5 Rd4 32.Nf1 Rxd1 33.Rxd1 N8d7 34.Rc1 Nxc5 35.Rxc5 Be8  1/2-1/2

[Event "69th ch-GEO"]
[Site "Tbilisi GEO"]
[Date "2010.01.13"]
[Round "3"]
[White "Jojua,D"]
[Black "Shanava,K"]
[Result "1/2-1/2"]
[WhiteElo "2535"]
[BlackElo "2551"]

1.d4 Nf6 2.c4 e6 3.Nf3 Bb4+ 4.Bd2 Bxd2+ 5.Nbxd2 d5 6.g3 O-O 7.Bg2 Nbd7 8.O-O c6
9.Qc2 b6 10.e4 Nxe4 11.Nxe4 dxe4 12.Qxe4 Bb7 13.Rfd1 Nf6 14.Qe3 Qc7 15.Ne5 Rad8
16.b4 Nd7 17.a4 Nxe5 18.Qxe5 Qc8 19.a5 Rd7 20.axb6 axb6 21.h4 Rfd8 22.h5 h6
23.Bf3 c5 24.Bxb7 Qxb7 25.bxc5 bxc5 26.Qxc5 Rc8 27.Qb5 Qxb5 28.cxb5 Rb8 29.Rab1 Rd5
30.g4 Rbxb5 31.Rxb5 Rxb5 32.f3  1/2-1/2

[Event "Open C"]
[Site "Marianske Lazne CZE"]
[Date "2010.01.21"]
[Round "7"]
[White "Chetverik,M"]
[Black "Van der Plas,R"]
[Result "1-0"]
[WhiteElo "2351"]
[BlackElo "2173"]

1.d4 e6 2.c4 Nf6 3.Nf3 Bb4+ 4.Bd2 c5 5.Bxb4 cxb4 6.Qd3 O-O 7.Nbd2 b6 8.e4 d5
9.e5 Nfd7 10.cxd5 exd5 11.Qb3 Bb7 12.Qxb4 f6 13.Bb5 fxe5 14.dxe5 Nc5 15.O-O a6
16.Ba4 a5 17.Qg4 Bc8 18.Qd4 Ne6 19.Qe3 Na6 20.Nb3 Rf4 21.Bc6 Ra7 22.Rfd1 Nb4
23.Rac1 a4 24.Nbd4 Nxd4 25.Rxd4 Rxd4 26.Qxd4 Nxc6 27.Rxc6 Bb7 28.Qxb6  1-0

[Event "4th SOP-SMAOK Open"]
[Site "Athens GRE"]
[Date "2010.01.26"]
[Round "3"]
[White "Gklavopoulos,E"]
[Black "Nikolaidis,G"]
[Result "0-1"]
[WhiteElo "1836"]
[BlackElo "1889"]

1.d4 Nf6 2.c4 e6 3.Nf3 Bb4+ 4.Bd2 Qe7 5.a3 Bxd2+ 6.Nbxd2 d6 7.Rc1 b6 8.e3 Nbd7
9.Be2 O-O 10.O-O Bb7 11.b4 a5 12.c5 dxc5 13.bxc5 bxc5 14.dxc5 Nxc5 15.Qc2 Na6
16.Qa4 Nc5 17.Qd4 Nce4 18.Nc4 Rfd8 19.Qb2 Bd5 20.Nd4 Rab8 21.Qc2 c5 22.Nb3 a4
23.Nba5 Qe8 24.f3 Bxc4 25.Nxc4 Nd6 26.Ne5 Rdc8 27.Ba6 Rc7 28.Rfd1 Nf5 29.Rd3 Ra8
30.Bc4 Rd8 31.Bb5 Qf8 32.Rcd1 Nd5 33.Qxa4 Nfxe3 34.R1d2 c4 35.Bxc4 Qc5 36.Bxd5 Nxd5+
37.Kh1 h6 38.h3 Rb8 39.Qd4 Rb1+ 40.Rd1 Rxd1+ 41.Rxd1 Qxa3 42.Qa1 Qe3 43.Ng4 Qf4
44.Qb1 h5 45.Nf2 g6 46.Qb5 Rc2 47.Qe8+ Kg7 48.Nd3 Qg3 49.Ne1 Ne3 50.Qa8 Rxg2
51.Qa1+ Kh7  0-1

[Event "ch-UKR b18"]
[Site "Kyiv UKR"]
[Date "2010.01.30"]
[Round "7"]
[White "Soroka,Danilo"]
[Black "Minenko,Andrey UKR"]
[Result "1/2-1/2"]
[WhiteElo "2017"]
[BlackElo "1739"]

1.d4 Nf6 2.c4 e6 3.Nf3 Bb4+ 4.Bd2 c5 5.Bxb4 cxb4 6.g3 b6 7.Bg2 Bb7 8.O-O O-O
9.Nbd2 d6 10.a3 bxa3 11.Rxa3 Nbd7 12.Qb1 Qc7 13.e4 e5 14.h3 Rfc8 15.g4 a6
16.Rc3 Nf8 17.d5 Ng6 18.Ne1 Nf4 19.Qd1 Qe7 20.Nd3 Nd7 21.Nxf4 exf4 22.Qc1 b5
23.Re1 b4 24.Rc2 Ne5 25.Qd1 a5 26.b3 Rc5 27.Nf3 f6 28.Qd2 g5 29.Nd4 Bc8 30.Ra1 h5
31.f3 Bd7 32.Rca2 Qh7 33.Rf1 Kf7 34.Kf2 hxg4 35.hxg4 Qh4+ 36.Ke2 Qg3 37.Kd1 Rh8
38.Rf2 Rh2 39.Bf1 Rh1 40.Kc2 Bxg4 41.fxg4 Nxg4 42.Bg2 Nxf2 43.Bxh1 Nxh1 44.Nf5 Qf3
45.Nxd6+ Ke7 46.Nb7 Qxe4+ 47.Kc1 Rc8 48.Nxa5 f3 49.Nc6+ Ke8 50.Qh2 Qe3+ 51.Kd1 Qxb3+
52.Rc2 Qd3+ 53.Kc1 f2 54.Re2+ Qxe2 55.Qh8+ Kd7 56.Qg7+ Kd6 57.Qxf6+ Kc7 58.Qg7+ Kd6
59.Qf6+ Kd7  1/2-1/2

[Event "8th Gibtelecom Masters"]
[Site "Caleta ENG"]
[Date "2010.01.31"]
[Round "6"]
[White "Groffen,H"]
[Black "Hawkins,Ja"]
[Result "1-0"]
[WhiteElo "2150"]
[BlackElo "2019"]

1.d4 Nf6 2.c4 e6 3.Nf3 Bb4+ 4.Bd2 Qe7 5.g3 Nc6 6.Nc3 O-O 7.Bg2 Bxc3 8.Bxc3 Ne4
9.Rc1 d6 10.d5 Nxc3 11.Rxc3 Nd8 12.O-O e5 13.Qc2 b6 14.b4 Nb7 15.Nd2 Bd7
16.Rc1 Rac8 17.a3 f5 18.Qb2 c5 19.dxc6 Bxc6 20.Bd5+ Kh8 21.Nf1 f4 22.Nd2 Rf5
23.Ne4 Rh5 24.Qd2 g5 25.Rd1 Rh6 26.Bxc6 Rxc6 27.Qd5 Rc7 28.Rcd3 Rg6 29.Nc3 fxg3
30.hxg3 Qe6 31.Nb5 Qxd5 32.cxd5 Rc4 33.Nxa7 Rg8 34.Kg2 Ra8 35.Nb5 Rac8 36.Rh1 Kg7
37.Rb1 Rc2 38.Re1 R8c4 39.Rb3 Kg6 40.e4 g4 41.Ree3 h5 42.Rbc3 Kf6 43.Rxc2 Rxc2
44.Rc3 Rxc3 45.Nxc3 Ke7 46.Na4  1-0

[Event "ch-ROU m"]
[Site "Baile Olanesti ROU"]
[Date "2010.02.01"]
[Round "2"]
[White "Breahna,R"]
[Black "Siclovan,C"]
[Result "1-0"]
[WhiteElo "2288"]
[BlackElo "2024"]

1.d4 Nf6 2.Nf3 e6 3.c4 Bb4+ 4.Bd2 Be7 5.Nc3 d5 6.cxd5 exd5 7.Bg5 O-O 8.e3 Be6
9.Bd3 Nbd7 10.O-O Ne8 11.Bxe7 Qxe7 12.Qc2 g6 13.b4 Nb6 14.b5 Ng7 15.a4 Qd6
16.a5 Nd7 17.Rfc1 Rac8 18.Qb3 Rfd8 19.h3 f6 20.Na4 Bf7 21.Rc3 Ne6 22.Rac1 Nb8
23.b6 Nc6 24.bxa7 Nxa5 25.Qb5 Nc6 26.Qxb7 Nxa7 27.Nc5 Rb8 28.Qxa7 Ra8 29.Qb7 Rdb8
30.Ne4 Rxb7 31.Nxd6 cxd6 32.Rc8+ Rxc8 33.Rxc8+ Kg7 34.Rc6 Rd7 35.Ba6 Kf8
36.Ne1 Ke7 37.Nd3 Nd8 38.Rc8 Ra7 39.Nb4 Kd7 40.Rxd8+ Kxd8 41.Nc6+ Kc7 42.Nxa7 Kb6
43.Nc8+ Kxa6 44.Nxd6 Bg8 45.Ne8 f5 46.Nf6  1-0

[Event "8th Gibtelecom Masters"]
[Site "Caleta ENG"]
[Date "2010.02.01"]
[Round "7"]
[White "Sachdev,T"]
[Black "Lasinskas,P"]
[Result "1-0"]
[WhiteElo "2398"]
[BlackElo "2174"]

1.d4 Nf6 2.c4 e6 3.Nf3 Bb4+ 4.Bd2 a5 5.g3 b6 6.Bg2 Bb7 7.O-O Bxd2 8.Qxd2 d6
9.Nc3 Ne4 10.Nxe4 Bxe4 11.Qf4 Bxf3 12.Bxf3 Ra7 13.Rfd1 O-O 14.Rac1 c6 15.e4 Qe7
16.e5 d5 17.Rd3 Na6 18.Rb3 Rb7 19.cxd5 cxd5 20.Be2 a4 21.Rf3 b5 22.a3 Nb8
23.b4 axb3 24.Rxb3 b4 25.a4 Nd7 26.Qd2 Ra8 27.Bb5 Nb6 28.Bc6 Nc4 29.Qe1 Rab8
30.Bxb7 Rxb7 31.a5 h6 32.a6 Rb6 33.Ra1 Qa7 34.Rxb4 Rxa6 35.Rxa6 Qxa6 36.Rb8+ Kh7
37.Qb1+ g6 38.Qb7 Qxb7 39.Rxb7 Kg7 40.Kf1 Na5 41.Rb6 Nc4 42.Ra6 Nd2+ 43.Ke2 Ne4
44.f3 Ng5 45.h4 Nh7 46.g4 h5 47.g5 Kf8 48.Kd3 Ke7 49.Ra7+ Ke8 50.Kc3 Nf8
51.Kb4  1-0

[Event "15th HIT Open A"]
[Site "Nova Gorica SLO"]
[Date "2010.02.01"]
[Round "3"]
[White "Markus,Rob"]
[Black "Tratar,M"]
[Result "1/2-1/2"]
[WhiteElo "2620"]
[BlackElo "2493"]

1.d4 Nf6 2.c4 e6 3.Nf3 Bb4+ 4.Bd2 Qe7 5.g3 Nc6 6.Bg2 Bxd2+ 7.Nbxd2 d6 8.O-O a5
9.Nb1 e5 10.Nc3 O-O 11.d5 Nb8 12.Ne1 Na6 13.e4 Nc5 14.Nc2 Bd7 15.Qd2 h5 16.h4 g6
17.b3 Kg7 18.Rae1 Ng4 19.f3 Nh6 20.Ne3 Kh7 21.f4 exf4 22.Rxf4 Rae8 23.Ref1 f6
24.Ne2 b6 25.Nd4 Ng4 26.Nxg4 Bxg4 27.Nb5 Qd8 28.Nd4 Qe7 29.a3 Nd7 30.Bf3 Bxf3
31.R1xf3 Nc5 32.Nc6 Qg7 33.Qd4 Nd7 34.Qf2 Kg8 35.b4 axb4 36.axb4 Ne5 37.Nxe5 fxe5
38.Rxf8+ Rxf8 39.Kg2 Rxf3 40.Qxf3 Qf8 41.Qa3 Qc8 42.Qa7 Kg7 43.c5 Kh6 44.Qa3 Qg4
45.Qe3+ Kg7 46.cxd6 cxd6 47.Kf2 b5 48.Qa7+ Kf8 49.Qb8+ Ke7 50.Qc7+ Qd7 51.Qc1 Qg4
52.Qc2 Qh3 53.Qc7+ Qd7 54.Qc3 Qh3 55.Qc7+  1/2-1/2

[Event "Georgi Tringov Mem"]
[Site "Plovdiv BUL"]
[Date "2010.02.01"]
[Round "3"]
[White "Voiska,M"]
[Black "Drasko,M"]
[Result "1/2-1/2"]
[WhiteElo "2325"]
[BlackElo "2537"]

1.d4 e6 2.Nf3 Nf6 3.c4 Bb4+ 4.Bd2 c5 5.Bxb4 cxb4 6.a3 bxa3 7.Rxa3 Nc6 8.Nc3 O-O
9.e3 d6 10.Be2 e5 11.O-O Bf5 12.Qd2 h6 13.Rd1 b6 14.dxe5 dxe5 15.Qe1 Nd7  1/2-1/2

[Event "4th SOP-SMAOK Open"]
[Site "Athens GRE"]
[Date "2010.02.02"]
[Round "4"]
[White "Soursos,P"]
[Black "Sarakenidis,N"]
[Result "0-1"]
[WhiteElo "1730"]
[BlackElo "1879"]

1.d4 Nf6 2.Nf3 e6 3.c4 Bb4+ 4.Bd2 c5 5.Bxb4 cxb4 6.g3 O-O 7.Bg2 Qe7 8.O-O d6
9.Nbd2 e5 10.Rc1 Nc6 11.d5 Nb8 12.Qc2 Na6 13.Nb3 b6 14.Nfd2 Nc5 15.Nxc5 bxc5
16.a3 a5 17.axb4 axb4 18.Ra1 Bg4 19.Nb3 Qd7 20.f3 Bf5 21.e4 Bg6 22.Na5 Nh5
23.Nc6 f5 24.Rxa8 Rxa8 25.exf5 Be8 26.Qc1 h6 27.Qe3 Qf7 28.Qd3 Nf6 29.f4 exf4
30.Rxf4 Qh5 31.Rf1 Bd7 32.Qf3 Qg5 33.Qf4 Qxf4 34.Rxf4 Ra2 35.Rf2 Ra1+ 36.Rf1 Ra2
37.b3 Rb2 38.Na5 Ng4 39.Rf3 Rb1+ 40.Rf1 Rb2 41.Rf3 Bxf5 42.Rxf5 Rxg2+ 43.Kxg2 Ne3+
44.Kf2 Nxf5 45.Nb7 Kf8 46.g4 Nd4 47.Nxd6 Nxb3 48.Ne4 Na5 49.Ke2 Nxc4 50.Nxc5 Ke7
51.Ne4 b3 52.Kd3 b2 53.Kc2 g5 54.h3 Ne3+ 55.Kxb2 Nxd5 56.Kc2 Ke6 57.Nf2 Ke5
58.Kd3 Kf4  0-1

[Event "ch-ROU m"]
[Site "Baile Olanesti ROU"]
[Date "2010.02.02"]
[Round "4"]
[White "Nanu,C"]
[Black "Berescu,A"]
[Result "1/2-1/2"]
[WhiteElo "2506"]
[BlackElo "2476"]

1.d4 Nf6 2.Nf3 e6 3.c4 Bb4+ 4.Bd2 c5 5.Bxb4 cxb4 6.g3 O-O 7.Bg2 d6 8.O-O a5
9.a3 Na6 10.Nbd2 Qc7 11.Rc1 b6 12.Ne1 Bb7 13.Bxb7 Qxb7 14.axb4 Nxb4 15.Nc2  1/2-1/2

[Event "8th Gibtelecom Masters"]
[Site "Caleta ENG"]
[Date "2010.02.02"]
[Round "8"]
[White "De Andres Gonalons,F"]
[Black "Mikalsen,E"]
[Result "1-0"]
[WhiteElo "2124"]
[BlackElo "1973"]

1.d4 Nf6 2.c4 e6 3.Nf3 Bb4+ 4.Bd2 Bxd2+ 5.Qxd2 b6 6.Nc3 Bb7 7.g3 d5 8.cxd5 Nxd5
9.Bg2 O-O 10.O-O Nd7 11.Nxd5 exd5 12.b4 Nf6 13.Rac1 Qd6 14.a3 a5 15.b5 a4
16.Qc3 Rfc8 17.Bh3 Ne4 18.Qc2 c5 19.Bxc8 Bxc8 20.dxc5 Nxc5 21.Qb2 Bh3 22.Rfd1 Re8
23.Qa2 Be6 24.Nd4 Bg4 25.Rc3 h5 26.f3 Bh3 27.Qd2 Qg6 28.Re3 Rxe3 29.Qxe3 h4
30.Qf4 hxg3 31.Qxg3 Qxg3+ 32.hxg3 Be6 33.e3 Kf8 34.Kf2 Ke7 35.Ke2 Kd6 36.Kd2 g5
37.g4 Ke5 38.Rc1 f5 39.gxf5 Bxf5 40.Rxc5 bxc5 41.Nxf5 Ke6 42.b6 Kd7 43.Ne7 d4
44.exd4  1-0

[Event "Georgi Tringov Mem"]
[Site "Plovdiv BUL"]
[Date "2010.02.03"]
[Round "5"]
[White "Raeva,E"]
[Black "Drasko,M"]
[Result "0-1"]
[WhiteElo "2263"]
[BlackElo "2537"]

1.d4 e6 2.Nf3 Nf6 3.c4 Bb4+ 4.Bd2 c5 5.Bxb4 cxb4 6.g3 O-O 7.Bg2 d6 8.O-O Nc6
9.a3 bxa3 10.Nxa3 e5 11.Nb5 a6 12.Nc3 Bf5 13.d5 Nb4 14.Nd2 a5 15.e4 Bg4 16.Qb3 Nd7
17.Na4 Be2 18.Rfe1 Bd3 19.Rac1 b5 20.cxb5 Bxb5 21.Bf1 Bxa4 22.Qxa4 Nc5 23.Qa3 f5
24.exf5 Qg5 25.Nc4 Qxf5 26.Re2 Ncd3 27.Nxd6 Qg6 28.Rc6 Nxc6 29.dxc6 Nb4 30.Rd2 Nxc6
31.Bc4+ Kh8 32.Bd5 Qh6 33.Rd1 Qf6 34.Bxc6 Qxf2+ 35.Kh1 Qe2 36.Rg1 Rab8 37.Bg2 Rxb2
38.Ne4 Rf1 39.Nd2 Rxd2  0-1

[Event "ch-ROU m"]
[Site "Baile Olanesti ROU"]
[Date "2010.02.04"]
[Round "6"]
[White "Voiteanu,G"]
[Black "Georgescu,GI"]
[Result "1-0"]
[WhiteElo "2261"]
[BlackElo "2031"]

1.d4 Nf6 2.c4 e6 3.Nf3 Bb4+ 4.Bd2 Qe7 5.Qc2 Nc6 6.g3 O-O 7.Bg2 Bxd2+ 8.Nbxd2 d6
9.O-O e5 10.d5 Nb8 11.Ne1 a5 12.e4 Na6 13.Nd3 Bg4 14.Rfe1 Bd7 15.Qc3 c5 16.dxc6 bxc6
17.Qxa5 Nc5 18.Qc3 Ne6 19.c5 Nxc5 20.Nxc5 dxc5 21.Nb3 c4 22.Qxc4 Be6 23.Qxc6 Rfc8
24.Qb5 Rc2 25.Qxe5 Rxf2 26.Qc5 Qxc5 27.Nxc5 Rxb2 28.a4 Ra5 29.Rac1 h5 30.e5 Bd5
31.Bxd5 Nxd5 32.e6 fxe6 33.Rxe6 Nf6 34.h3 Kf7 35.Rc6 Re2 36.Rc4 Ra2 37.Rc7+ Kg6
38.g4 hxg4 39.hxg4 Re2 40.Kf1 Re5 41.Kg2 Kh6 42.Kf3 Re1 43.g5+ Kxg5 44.Rxg7+ Kh6
45.Rg2 Re5 46.Nd3 Rf5+ 47.Ke2 Nd5 48.Kd2 Ra6 49.Rc8 Kh7 50.Nc5 Rd6 51.Ne4 Rd7
52.Kc1 Rf1+ 53.Kb2 Rb7+ 54.Ka2 Nb4+ 55.Ka3 Rf3+ 56.Rc3 Rxc3+ 57.Nxc3 Nc6
58.Rg5 Kh6 59.Rb5 Rc7 60.Rc5 Kg6 61.Nd5 Rc8  1-0

[Event "8th Gibtelecom Masters"]
[Site "Caleta ENG"]
[Date "2010.02.04"]
[Round "10"]
[White "Aerni,A"]
[Black "Valhondo Morales,R"]
[Result "1/2-1/2"]
[WhiteElo "2137"]
[BlackElo "1762"]

1.d4 e6 2.Nf3 Nf6 3.c4 Bb4+ 4.Bd2 Be7 5.Nc3 d5 6.cxd5 exd5 7.Bg5 c6 8.Qc2 Nbd7
9.e3 O-O 10.Bd3 Re8 11.O-O h6 12.Bf4 Nf8 13.h3 Ne6 14.Bh2 Ng5 15.Ne5 Bd6
16.f4 Nge4 17.Nxe4 Nxe4 18.Bxe4 dxe4 19.f5 Qc7 20.f6 Re6 21.Ng4 Bxh2+ 22.Nxh2 Qg3
23.Qe2 Rxf6 24.Rxf6 gxf6 25.Rf1 f5 26.Rf4 Be6 27.Nf1 Qg6 28.a3 a5 29.Qf2 a4
30.Qh4 Qg5 31.Qe1 Kh7 32.Kh2 Rg8 33.Qf2  1/2-1/2

[Event "8th Gibtelecom Masters"]
[Site "Caleta ENG"]
[Date "2010.02.04"]
[Round "10"]
[White "Seitz,B"]
[Black "Tjolsen,K"]
[Result "0-1"]
[WhiteElo "2017"]
[BlackElo "2212"]

1.d4 Nf6 2.c4 e6 3.Nf3 Bb4+ 4.Bd2 Qe7 5.a3 Bxd2+ 6.Nbxd2 d6 7.Qc2 e5 8.e4 exd4
9.Nxd4 c5 10.Nb5 a6 11.Nc3 Nc6 12.Be2 Bd7 13.O-O Nd4 14.Qd3 Bc6 15.Rae1 O-O
16.f4 Rfe8 17.Bd1 b5 18.Nf3 bxc4 19.Qxc4 Nb5 20.Nd5 Bxd5 21.exd5 Qb7 22.Ng5 Nc7
23.Qc2 h6 24.Ne4 Nxe4 25.Rxe4 Qxd5 26.Bf3 Rxe4 27.Rd1 Qc4 28.Qxe4 Qxe4 29.Bxe4 Rd8
30.Bc6 a5 31.Re1 Kf8 32.Re4 d5 33.Ra4 Rd6 34.Bb7 Rb6 35.Bc8 Rb8 36.Bg4 Ra8
37.Bf3 f5 38.b4 axb4 39.Rxa8+ Nxa8 40.axb4 cxb4 41.Bxd5 Nc7 42.Bb3 Ke7 43.Kf2 Kd6
44.g3 Kc5 45.Ke3 Nb5 46.Kd3 Nd4 47.Ba2 b3 48.Bb1 Nb5 49.Ke3 Na3 50.Bxf5 b2
51.Be4 Kd6 52.g4 b1=Q 53.Bxb1 Nxb1 54.h4 Nc3 55.Kd4 Nd5 56.Ke4 Ne7 57.f5 Nc6
58.g5 h5 59.Kf4 Ne5 60.g6 Nd7 61.Kg5 Nf6 62.Kf4 Kd5 63.Kg5 Kc4 64.Kf4 Kd4
65.Kg5 Nd5 66.Kxh5 Nf6+ 67.Kg5 Ke5 68.h5 Ng8 69.h6 gxh6+  0-1

[Event "ch-ROU w"]
[Site "Baile Olanesti ROU"]
[Date "2010.02.05"]
[Round "7"]
[White "Ilie,M"]
[Black "Taposu Matei,A"]
[Result "1/2-1/2"]
[WhiteElo "2006"]
[BlackElo "1816"]

1.d4 Nf6 2.Nf3 e6 3.c4 Bb4+ 4.Bd2 Qe7 5.Qc2 Bxd2+ 6.Nbxd2 d6 7.e4 e5 8.c5 dxc5
9.dxc5 O-O 10.Be2 h6 11.O-O Nc6 12.Rfe1 Be6 13.Qc3 Bg4 14.Bb5 Rfe8 15.Bxc6 bxc6
16.b4 a5 17.a3 axb4 18.axb4 Nd7 19.Nc4 f6 20.Na5 Qe6 21.Nd2 Bh5 22.Nac4 Bf7
23.Rxa8 Rxa8 24.Ra1 Qe8 25.Ra3 Nf8 26.Qa1 Rxa3 27.Qxa3 Qd7 28.Qc3 Kh8 29.Na5 Bg6
30.h3 Ne6  1/2-1/2

[Event "Georgi Tringov Mem"]
[Site "Plovdiv BUL"]
[Date "2010.02.06"]
[Round "9"]
[White "Miljkovic,Mir1"]
[Black "Drasko,M"]
[Result "1/2-1/2"]
[WhiteElo "2477"]
[BlackElo "2537"]

1.d4 e6 2.c4 Nf6 3.Nf3 Bb4+ 4.Bd2 c5 5.Bxb4 cxb4 6.g3 d6 7.Bg2 O-O 8.O-O Nc6
9.a3 bxa3 10.Nxa3 e5 11.Nb5 a6 12.dxe5 dxe5 13.c5 Bh3 14.Qxd8 Rfxd8 15.Nd6 Bxg2
16.Kxg2 Rab8 17.Rfd1 h6 18.Nd2 Kf8 19.Nb3 Ne8 20.Nc4 f6 21.e3 Rxd1 22.Rxd1 Rd8
23.Rxd8 Nxd8 24.Kf3 Ke7 25.e4 Ke6 26.Ke3 g6 27.Nba5 f5 28.f3 Nf6 29.h3 fxe4
30.fxe4 Nd7 31.b4 Nb8 32.Kd3 Nbc6 33.Nxc6 Nxc6 34.Kc3 Nd4 35.Na5 Ne2+ 36.Kd3 Nxg3
37.Nxb7 Nh5 38.Nd8+ Kd7 39.Nf7 Nf4+ 40.Ke3 Ke6 41.Nxh6 Nxh3 42.Ng4 Ng5 43.Kd3 Nf3
44.Kc4 Nd4 45.Kd3 Nc6 46.Kc4 Nd4 47.Kd3 Nc6 48.Kc4 Nd4  1/2-1/2

[Event "TCh-Eur Seniors"]
[Site "Dresden GER"]
[Date "2010.02.10"]
[Round "1"]
[White "Vink,W"]
[Black "Frenzel,L"]
[Result "1-0"]
[WhiteElo "2001"]
[BlackElo "1821"]

1.d4 Nf6 2.c4 e6 3.Nf3 Bb4+ 4.Bd2 Bxd2+ 5.Nbxd2 O-O 6.e4 d6 7.Be2 Nc6 8.O-O e5
9.d5 Ne7 10.Nh4 c6 11.Rc1 g5 12.Nhf3 h6 13.Ne1 Ng6 14.g3 Bh3 15.Ng2 Rc8 16.Qb3 Qd7
17.Rfe1 cxd5 18.cxd5 Rxc1 19.Rxc1 Rc8 20.Rc4 Rxc4 21.Qxc4 Qc8 22.Ne3 a6 23.Qxc8+ Bxc8
24.Nec4 Ne8 25.Nb6 Ne7 26.Ndc4 Kf8 27.Bd1 f5 28.f3 fxe4 29.fxe4 Bh3 30.Ba4 Nc8
31.Nxc8 Bxc8 32.Bxe8 Kxe8 33.Nxd6+ Kd7 34.Nf7 Ke7 35.Nxe5 h5 36.Kf2 Kf6 37.Nd3 Bd7
38.Nc5 Bc8 39.d6 Bg4 40.Nxb7 Bc8 41.Nc5  1-0

[Event "TCh-Eur Seniors"]
[Site "Dresden GER"]
[Date "2010.02.10"]
[Round "1"]
[White "Jaeger,E"]
[Black "Saren,I"]
[Result "0-1"]
[WhiteElo "1996"]
[BlackElo "2207"]

1.d4 Nf6 2.c4 e6 3.Nf3 Bb4+ 4.Bd2 Qe7 5.a3 Bxd2+ 6.Nbxd2 d6 7.e3 O-O 8.Be2 e5
9.O-O b6 10.Rc1 Nbd7 11.Qc2 a5 12.Rfe1 Bb7 13.d5 a4 14.Nb1 Nc5 15.Nc3 Bc8
16.e4 Ne8 17.Rf1 g6 18.Ne1 f5 19.Nd3 Nb3 20.Rce1 Bd7 21.Bd1 f4 22.f3 Kh8
23.Qf2 Nc5 24.Bc2 Nxd3 25.Bxd3 Nf6 26.Qh4 Qg7 27.Rc1 g5 28.Qf2 Ra7 29.Nb5 Bxb5
30.cxb5 Nd7 31.Rc4 Nc5 32.Bc2 g4 33.Qh4 Rg8 34.fxg4 Qxg4 35.Qxg4 Rxg4 36.Rf3 Ra5
37.Rf2 Rxb5 38.Bxa4 Nxa4 39.Rxa4 Rc5 40.h3 Rc1+ 41.Kh2 Re1 42.Rb4 Re3 43.Rf3  0-1

[Event "TCh-Eur Seniors"]
[Site "Dresden GER"]
[Date "2010.02.12"]
[Round "3"]
[White "Zanger,K"]
[Black "Rozov,B"]
[Result "0-1"]
[WhiteElo "1811"]
[BlackElo "2174"]

1.d4 Nf6 2.c4 e6 3.Nf3 Bb4+ 4.Bd2 Be7 5.Nc3 d5 6.e3 O-O 7.a3 dxc4 8.Bxc4 c5
9.O-O Nc6 10.dxc5 Bxc5 11.Qc2 e5 12.b4 Bd6 13.Rfd1 Bg4 14.Be2 Rc8 15.h3 Bh5
16.Nh2 Nd4 17.exd4 Bxe2 18.Re1 exd4 19.Rxe2 d3 20.Qd1 dxe2 21.Qxe2 Re8 22.Qd1 Bxh2+
23.Kxh2 Rxc3 24.Bxc3 Qc7+ 25.g3 Qxc3 26.Qc1 Qf3 27.Qf4 Qxf4 28.gxf4 Rc8 29.Rd1 Kf8
30.Rd3 Rc7 31.Kg3 Rc3 32.Rxc3 Ne4+ 33.Kf3 Nxc3 34.Ke3 b5 35.Kd4 Nb1 36.f5 Nxa3
37.Kc5 f6 38.Kd6 Nc2 39.Kc5 a6 40.h4 Ke7 41.Kb6 Nxb4 42.Ka5 Nc6+  0-1

[Event "TCh-Eur Seniors"]
[Site "Dresden GER"]
[Date "2010.02.13"]
[Round "4"]
[White "Felser,F"]
[Black "Teichmeister,S"]
[Result "1/2-1/2"]
[WhiteElo "2072"]
[BlackElo "2092"]

1.d4 Nf6 2.Nf3 e6 3.c4 Bb4+ 4.Bd2 Qe7 5.Nc3 O-O 6.e3 d6 7.Be2 e5 8.O-O Bg4
9.h3 Bxf3 10.Bxf3 c6 11.Qb3 Bxc3 12.Bxc3 e4 13.Be2 b6 14.d5 c5 15.Qc2 Nbd7
16.a3 h6 17.b4 Nh7 18.f4 f5 19.Rab1 Nhf6  1/2-1/2

[Event "TCh-Eur Seniors"]
[Site "Dresden GER"]
[Date "2010.02.13"]
[Round "4"]
[White "Kristiansen,E"]
[Black "Kendall,P"]
[Result "1/2-1/2"]
[WhiteElo "2208"]
[BlackElo "2069"]

1.d4 Nf6 2.c4 e6 3.Nf3 Bb4+ 4.Bd2 Qe7 5.Qc2 Bxd2+ 6.Nbxd2 d6 7.e3 Nbd7 8.Bd3 e5
9.O-O O-O 10.Rfe1 Re8 11.dxe5 dxe5 12.e4 a5 13.Bf1 Nc5 14.Nb3 b6  1/2-1/2

[Event "TCh-Eur Seniors"]
[Site "Dresden GER"]
[Date "2010.02.15"]
[Round "6"]
[White "Nystrom,R"]
[Black "Felser,F"]
[Result "1/2-1/2"]
[WhiteElo "1980"]
[BlackElo "2072"]

1.d4 Nf6 2.c4 e6 3.Nf3 Bb4+ 4.Bd2 Qe7 5.Nc3 O-O 6.e3 d6 7.a3 Bxc3 8.Bxc3 Nbd7
9.Be2 e5 10.O-O Ne4 11.Qc2 f5 12.Rfe1 Nxc3 13.Qxc3 e4 14.Nd2 c6 15.f4 Nf6
16.b4 Be6 17.Rac1 Rfc8 18.Qb2 a6 19.c5 Rd8 20.cxd6 Rxd6 21.Rc2 h6 22.Nf1 Kh8
23.Kh1 Rf8 24.a4 Rfd8 25.Rec1 Bd5 26.b5 axb5 27.axb5 Ra8 28.bxc6 bxc6 29.Ra1 Rdd8
30.Rcc1 Rab8 31.Qc3 Rb3 32.Qc2 Rdb8 33.Rab1 Qa3 34.Rxb3 Rxb3 35.Rb1 Rc3 36.Qb2 Qxb2
37.Rxb2 Rc1 38.h3 g6 39.Kg1 c5 40.dxc5 Rxc5 41.Kf2 Kg7 42.Ke1 Rc7  1/2-1/2

[Event "Open"]
[Site "Novy Bor CZE"]
[Date "2010.02.15"]
[Round "3"]
[White "Drabek,M"]
[Black "Voith,W"]
[Result "1-0"]
[WhiteElo "2067"]
[BlackElo "1851"]

1.d4 Nf6 2.Nf3 e6 3.c4 Bb4+ 4.Bd2 Be7 5.g3 b6 6.Bg2 Bb7 7.O-O O-O 8.Nc3 d6
9.Bf4 Nbd7 10.Qc2 Nh5 11.Ng5 Bxg5 12.Bxg5 Qxg5 13.Bxb7 Rab8 14.f4 Qf6 15.Qe4 Rxb7
16.Qxb7 Qxd4+ 17.Kg2 Qxc4 18.Qe4 Qxe4+ 19.Nxe4 d5 20.Nc3 c5 21.Rad1 f5 22.e3 Nhf6
23.h3 Kf7 24.Kf3 h5 25.Rg1 a6 26.a4 c4 27.Ke2 Nc5 28.Kd2 Rb8 29.Kc2 b5 30.axb5 axb5
31.Ra1 Rb7 32.Ra5 Nfe4 33.Rxb5 Ra7 34.g4 hxg4 35.hxg4 g6 36.gxf5 gxf5 37.Rh1 Kg6
38.Rb8 Nf6 39.Rb6 Na4 40.Nxa4 Rxa4 41.Rxe6 Rb4 42.Ra1  1-0

[Event "NordWest-Cup"]
[Site "Bad Zwischenahn GER"]
[Date "2010.02.21"]
[Round "7"]
[White "Epishin,V"]
[Black "Schulz,Je"]
[Result "1-0"]
[WhiteElo "2607"]
[BlackElo "2131"]

1.d4 Nf6 2.Nf3 e6 3.c4 Bb4+ 4.Bd2 Qe7 5.g3 Nc6 6.Nc3 O-O 7.Bg2 d6 8.O-O e5
9.Nd5 Nxd5 10.cxd5 Bxd2 11.Qxd2 Nxd4 12.Nxd4 exd4 13.Rac1 Bf5 14.Rfe1 Qe5
15.Rc4 Rac8 16.Rxd4 Rfe8 17.e3 h6 18.Rc1 g5 19.Ra4 c5 20.dxc6 bxc6 21.Rxa7 c5
22.Rd1 Rcd8 23.Bd5 Be6 24.b3 Bxd5 25.Qxd5 Qxd5 26.Rxd5 Ra8 27.Rxa8 Rxa8 28.Rxd6 Rxa2
29.Rxh6 Rb2 30.Rc6 Rxb3 31.Rxc5 f6 32.Rc4  1-0

[Event "IFPX Categoria A"]
[Site "Sao Paulo BRA"]
[Date "2010.02.21"]
[Round "4"]
[White "D'Israel,D"]
[Black "Filguth,R"]
[Result "1/2-1/2"]
[WhiteElo "2240"]
[BlackElo "2410"]

1.d4 Nf6 2.Nf3 e6 3.c4 Bb4+ 4.Bd2 Qe7 5.g3 Ne4 6.Bg2 O-O 7.O-O Bxd2 8.Nfxd2 Nxd2
9.Qxd2 d6 10.Nc3 Nd7 11.Rfd1 c6 12.b4 f5 13.e3 e5 14.dxe5 dxe5 15.Qd6 Qxd6
16.Rxd6 Rf6 17.Rad1 Rxd6 18.Rxd6 Kf7 19.f4 Ke7 20.Rd1 a5 21.b5 e4 22.Na4 h5
23.Bf1 Rb8 24.Be2 g6 25.Kf2 Nf6 26.h4 Bd7 27.Nb6 Be8 28.Ke1 c5 29.Nd5+ Nxd5
30.Rxd5 b6 31.Kd1 Bf7 32.Rd2  1/2-1/2

[Event "ch-IND National Teams"]
[Site "Gurgaon IND"]
[Date "2010.02.25"]
[Round "6"]
[White "Thejkumar,M"]
[Black "Satyapragyan,S"]
[Result "1/2-1/2"]
[WhiteElo "2435"]
[BlackElo "2480"]

1.d4 Nf6 2.Nf3 e6 3.c4 Bb4+ 4.Bd2 c5 5.Bxb4 cxb4 6.g3 d6 7.Bg2 O-O 8.O-O a5
9.Qd3 b6 10.a3 bxa3 11.Rxa3 Bb7 12.Ne1 Bxg2 13.Kxg2 Nc6 14.Nc2 e5 15.d5 Nb8
16.e4 Na6 17.Nd2 Nd7 18.Qe2 Qe7 19.f4 exf4 20.gxf4 Rae8 21.Nd4 Nac5 22.Nc6 Qf6
23.e5 dxe5 24.fxe5 Rxe5 25.Nxe5 Qxe5 26.Qxe5 Nxe5 27.Rc3 f6 28.Rb1 Rd8 29.Nf3 Ned3
30.Nd4 Re8 31.Ne6 Nxe6 32.dxe6 Nf4+ 33.Kf1 Rxe6 34.Rd1 Rc6 35.Rd7 Ng6 36.Rb7 Ne5
37.b3 h5 38.Rc2 Kh7 39.Rf2  1/2-1/2

[Event "GMA"]
[Site "Nancy FRA"]
[Date "2010.02.26"]
[Round "7"]
[White "Postny,E"]
[Black "Charnushevich,A"]
[Result "1/2-1/2"]
[WhiteElo "2648"]
[BlackElo "2501"]

1.d4 Nf6 2.c4 e6 3.Nf3 Bb4+ 4.Bd2 Qe7 5.g3 Nc6 6.Nc3 Bxc3 7.Bxc3 Ne4 8.Rc1 d6
9.Bg2 O-O 10.d5 Nxc3 11.Rxc3 Nb8 12.dxe6 fxe6 13.O-O Nd7 14.Qd2 Nf6 15.Ng5 h6
16.Ne4 Nxe4 17.Bxe4 Rb8 18.c5 dxc5 19.Rfc1 b6 20.b4 Bb7 21.Bxb7 Rxb7 22.bxc5 Rbb8
23.cxb6 cxb6 24.Rc7 Qf6 25.Qe3 Rf7 26.Rxf7 Qxf7 27.Rc6 Re8 28.Qe5 Qf5 29.Qb2 Rf8
30.f3 Qd5 31.Rc7 Rf7 32.Rc8+ Rf8 33.Rxf8+ Kxf8 34.Qa3+ Qc5+ 35.Qxc5+ bxc5
36.Kf2 Ke7 37.Ke3 Kd6 38.Kd3 e5 39.h4 g5 40.h5 Kd5 41.Kc3 c4 42.e3 Kc5 43.a4 a6
44.f4 exf4 45.exf4 g4 46.a5 Kd5 47.Kc2 Kd4 48.Kd2 Ke4 49.Kd1 Kd4 50.Kc2 Ke4
51.Kc3 Kd5 52.f5 Ke5 53.Kxc4 Kxf5 54.Kd5 Kg5 55.Kc5 Kxh5 56.Kb6 Kg5 57.Kxa6 h5
58.Kb5 h4 59.gxh4+ Kxh4  1/2-1/2

[Event "3rd Inv FIDE MN"]
[Site "Saint Paul USA"]
[Date "2010.02.27"]
[Round "2"]
[White "Karagianis,P"]
[Black "Mattson,D"]
[Result "1/2-1/2"]
[WhiteElo "2203"]
[BlackElo "2080"]

1.d4 Nf6 2.c4 e6 3.Nf3 Bb4+ 4.Bd2 Qe7 5.g3 Nc6 6.Bg2 Bxd2+ 7.Nbxd2 O-O 8.O-O d6
9.e4 e5 10.d5 Nb8 11.Ne1 a5 12.Nd3 Na6 13.h3 Nd7 14.a3 Nac5 15.Nxc5 Nxc5
16.b4 axb4 17.axb4 Rxa1 18.Qxa1 Na6 19.Qc3 f5 20.exf5 Bxf5 21.Nb3 Qd7 22.c5 Qb5
23.Ra1 Qxb4 24.Qxb4 Nxb4 25.Ra7 dxc5 26.Rxb7 Rd8 27.g4 Bg6 28.Rxc7 Nxd5 29.Rxc5 Bf7
30.Na5 Nf4 31.Rxe5 Rd1+ 32.Kh2 Rd2 33.Kg3 Ne2+ 34.Kh2 Nf4  1/2-1/2